000
00217 a2200097 4500
001
42898
100
_a
Bridge P.S.A
245
_a
Couplings to the Khyber
260
_a
Deven
_b
David Charles
_c
090
_c
26785
_d
26785
942
_a
NUST-CAE
_c
M
_c
18652
999
_c
277971
_d
277971